[Event "SRB-chT2 East"]
[Site "Serbia"]
[Date "2017.09.10"]
[Round "4.5"]
[White "Raicevic, Ivica"]
[Black "Blagojevic, Vladan"]
[Result "0-1"]
[WhiteElo "2174"]
[BlackElo "2065"]
[PlyCount "66"]
[EventDate "2017.09.08"]
[EventType "team-tourn"]
[EventRounds "11"]
[EventCountry "SRB"]
[SourceTitle "EXT 2022"]
[Source "ChessBase"]
[SourceDate "2021.10.06"]
[SourceVersion "1"]
[SourceVersionDate "2021.10.06"]
[SourceQuality "1"]

1. c4 c5 2. Nc3 Nc6 3. g3 g6 4. Bg2 Bg7 5. Rb1 Nf6 6. a3 0-0 7. b4 cxb4 8. axb4 Ne5 9. Qb3 d6 10. Nh3 Bf5 11. d3 Qc8 12. Nf4 Nc6 13. 0-0 Re8 14. b5 Nd4 15. Qa2 e5 16. Nfd5 Nxd5 17. Nxd5 e4 18. dxe4 Bxe4 19. Bxe4 Rxe4 20. Be3 Nf5 21. Rb4 Nxe3 22. Nxe3 Qc5 23. Ra4 Rae8 24. Qd2 Bh6 25. Kg2 Bxe3 26. fxe3 Rxc4 27. Rxc4 Qxc4 28. Rf2 d5 29. b6 axb6 30. Rf4 Re4 31. Kf2 b5 32. Qa5 Rxf4+ 33. gxf4 b4 0-1

[Event "Nis op"]
[Site "Nis"]
[Date "2017.06.27"]
[Round "1"]
[White "Raicevic, Ivica"]
[Black "Atalik, Suat"]
[Result "0-1"]
[WhiteElo "2173"]
[BlackElo "2525"]
[PlyCount "78"]
[EventDate "2017.06.27"]
[EventType "swiss"]
[EventRounds "9"]
[EventCountry "YUG"]
[SourceTitle "CBM 180"]
[Source "ChessBase"]
[SourceDate "2017.09.13"]
[SourceVersion "1"]
[SourceVersionDate "2017.09.13"]
[SourceQuality "1"]

1. c4 e5 2. Nc3 Nf6 3. Nf3 Nc6 4. g3 d5 5. cxd5 Nxd5 6. Bg2 Nb6 7. 0-0 Be7 8. d3 Be6 9. a3 0-0 10. b4 f6 11. Bb2 a5 12. b5 Nd4 13. Nxd4 exd4 14. Na4 Qd7 15. Nxb6 cxb6 16. a4 Bc5 17. Qd2 Rfe8 18. e4 dxe3 19. fxe3 Bc4 20. d4 Bb4 21. Qf2 Bxf1 22. Rxf1 Rac8 23. e4 Bc3 24. d5 Bxb2 25. Qxb2 Rc4 26. Qb3 Rec8 27. Qd1 Qd6 28. Bh3 Qc5+ 29. Kh1 Rc1 30. Qg4 Kf8 31. Qf4 Rxf1+ 32. Bxf1 Rc7 33. h4 Qc1 34. Qf5 Rc2 35. Qf3 Qe1 36. Qf4 Rf2 37. Qd6+ Kf7 38. Qd7+ Kg6 39. Qg4+ Kh6 0-1

[Event "Niska Banja op"]
[Site "Niska Banja"]
[Date "2017.04.01"]
[Round "4"]
[White "Cirjan, Daniel"]
[Black "Raicevic, Ivica"]
[Result "1-0"]
[WhiteElo "1931"]
[BlackElo "2181"]
[PlyCount "59"]
[EventDate "2017.03.30"]
[EventType "swiss"]
[EventRounds "5"]
[EventCountry "SRB"]
[SourceTitle "CBM 177 Extra"]
[Source "ChessBase"]
[SourceDate "2017.04.27"]
[SourceVersion "1"]
[SourceVersionDate "2017.04.27"]
[SourceQuality "1"]

1. d4 e6 2. Nf3 Nf6 3. Bg5 c5 4. c3 cxd4 5. cxd4 Bb4+ 6. Nbd2 h6 7. Bxf6 Qxf6 8. a3 Be7 9. e4 Nc6 10. Bd3 d6 11. e5 dxe5 12. Ne4 Bb4+ 13. axb4 Qe7 14. dxe5 Qxb4+ 15. Qd2 0-0 16. Rd1 Qb6 17. 0-0 Rd8 18. Qe2 Qc7 19. Bb1 Rd5 20. Nc3 Rxd1 21. Rxd1 Qe7 22. Qd3 g6 23. Ne4 Kg7 24. h4 b6 25. Nd6 Bb7 26. Nxb7 Qxb7 27. Qe4 Rb8 28. h5 Ne7 29. Qh4 Nd5 30. hxg6 1-0

[Event "Niska Banja op"]
[Site "Niska Banja"]
[Date "2017.03.31"]
[Round "2"]
[White "Raicevic, Ivica"]
[Black "Zivic, Jovan"]
[Result "1-0"]
[WhiteElo "2181"]
[BlackElo "1991"]
[PlyCount "121"]
[EventDate "2017.03.30"]
[EventType "swiss"]
[EventRounds "5"]
[EventCountry "SRB"]
[SourceTitle "CBM 177 Extra"]
[Source "ChessBase"]
[SourceDate "2017.04.27"]
[SourceVersion "1"]
[SourceVersionDate "2017.04.27"]
[SourceQuality "1"]

1. c4 e6 2. Nc3 d5 3. d4 Nf6 4. Bg5 Be7 5. Nf3 Nbd7 6. e3 0-0 7. c5 h6 8. Bf4 c6 9. Bd3 b6 10. b4 Nh5 11. Qa4 Nxf4 12. exf4 Qc7 13. g3 bxc5 14. bxc5 Bf6 15. Rc1 a5 16. Ne5 Ba6 17. Bxa6 Rxa6 18. 0-0 Rb8 19. Rb1 Bxe5 20. fxe5 Raa8 21. Qc2 Rb4 22. Rfd1 Rab8 23. a3 Rc4 24. Rxb8+ Qxb8 25. Rb1 Qc7 26. Qd2 Nf8 27. Nd1 Ng6 28. Nb2 Nxe5 29. dxe5 Rxc5 30. Nd3 Rb5 31. Rc1 a4 32. Qc2 Rb3 33. Nc5 Rxa3 34. Qb2 Rf3 35. Kg2 a3 36. Qd4 Rf5 37. Nd3 f6 38. f4 fxe5 39. Nxe5 g5 40. Rxc6 Qb7 41. Rb6 Qc7 42. Ng6 Qc2+ 43. Kf3 g4+ 44. Ke3 Qc1+ 45. Ke2 Qc2+ 46. Kf1 Qc1+ 47. Ke2 Qc2+ 48. Qd2 Qe4+ 49. Kd1 Qa4+ 50. Ke2 Qe4+ 51. Qe3 Qc4+ 52. Qd3 Qa2+ 53. Kd1 Kf7 54. Ne5+ Kg7 55. Rb7+ Kg8 56. Qc3 d4 57. Qxd4 Qd5 58. Qxd5 exd5 59. Ra7 h5 60. Kd2 Rf8 61. Rxa3 1-0

[Event "Nis op"]
[Site "Nis"]
[Date "2016.07.03"]
[Round "6"]
[White "Raicevic, Ivica"]
[Black "Nikolic, Vojkan"]
[Result "0-1"]
[WhiteElo "2220"]
[BlackElo "2088"]
[PlyCount "129"]
[EventDate "2016.06.28"]
[EventType "swiss"]
[EventRounds "9"]
[EventCountry "YUG"]
[SourceTitle "CBM 173 Extra"]
[Source "ChessBase"]
[SourceDate "2016.08.29"]
[SourceVersion "1"]
[SourceVersionDate "2016.08.29"]
[SourceQuality "1"]

1. c4 e5 2. Nc3 Nf6 3. g3 Nc6 4. Bg2 Bb4 5. Nf3 Bxc3 6. bxc3 d6 7. d3 h6 8. 0-0 0-0 9. h3 Be6 10. e4 Qd7 11. Kh2 Rab8 12. a4 Nh7 13. Nh4 g5 14. Nf3 f5 15. exf5 Bxf5 16. Ne1 Nf6 17. Nc2 e4 18. d4 Bg6 19. Ne3 b6 20. Qb3 Na5 21. Qa2 Kg7 22. Ba3 c5 23. Qc2 Qf7 24. Qe2 Rbc8 25. Rad1 Rcd8 26. Bc1 Qe8 27. Qa2 Qe6 28. Nd5 Bf7 29. Nxf6 Qxf6 30. d5 Rde8 31. Rde1 Bg6 32. Re3 Re5 33. Kg1 Rfe8 34. Rfe1 R8e7 35. R3e2 Re8 36. Be3 R8e7 37. Rc2 Re8 38. Rb1 Qd8 39. Bf1 Qd7 40. Ra1 Kh7 41. Rb2 Bf5 42. Kh2 Bg6 43. Qb1 Bh5 44. f4 gxf4 45. Bxf4 R5e7 46. Be3 Bg6 47. Qc1 h5 48. Qd1 Qf5 49. Rf2 Qe5 50. Bf4 Qxc3 51. Rc1 Qd4 52. Rd2 Qf6 53. Rf2 Qd4 54. Rd2 Qf6 55. h4 e3 56. Ra2 Re4 57. Qe1 Nb3 58. Rc3 Nd2 59. Rxd2 Qxc3 60. Re2 Qxc4 61. Bg2 Rxf4 62. gxf4 Qxf4+ 63. Qg3 Qxg3+ 64. Kxg3 Bd3 65. Re1 0-1

[Event "Nis op"]
[Site "Nis"]
[Date "2016.06.28"]
[Round "1"]
[White "Atalik, Suat"]
[Black "Raicevic, Ivica"]
[Result "1-0"]
[WhiteElo "2572"]
[BlackElo "2220"]
[PlyCount "88"]
[EventDate "2016.06.28"]
[EventType "swiss"]
[EventRounds "9"]
[EventCountry "YUG"]
[SourceTitle "CBM 174"]
[Source "ChessBase"]
[SourceDate "2016.09.13"]
[SourceVersion "1"]
[SourceVersionDate "2016.09.13"]
[SourceQuality "1"]

1. d4 e6 2. c4 Nf6 3. Nc3 Bb4 4. Nf3 c5 5. g3 Nc6 6. Bg2 Bxc3+ 7. bxc3 d6 8. Bf4 Qa5 9. 0-0 cxd4 10. Nxd4 Nxd4 11. cxd4 e5 12. Bd2 Qa3 13. Qb1 a5 14. Qb3 Qxb3 15. axb3 exd4 16. Bxa5 Bf5 17. Bb6 Kd7 18. Bxb7 Rxa1 19. Rxa1 d3 20. exd3 Bxd3 21. f3 Re8 22. g4 Re2 23. Ra7 Bg6 24. Bd5+ Ke8 25. Bc6+ Kf8 26. Ra8+ Ke7 27. g5 Nd7 28. Ra7 Bf5 29. h4 Rb2 30. Rb7 Rc2 31. Bd4 f6 32. gxf6+ gxf6 33. Bb6 h5 34. Bb5 Be6 35. b4 Rb2 36. Ba5 Rc2 37. c5 dxc5 38. bxc5 Ke8 39. Bb6 Bh3 40. Bc6 Rd2 41. Ba4 Kf8 42. f4 Kg8 43. Bb3+ Kf8 44. Ba5 Ke8 1-0

[Event "SRB-chT2 East"]
[Site "Vrnjacka Banja"]
[Date "2015.10.08"]
[Round "6.33"]
[White "Jovanovic, Aleksandar D"]
[Black "Raicevic, Ivica"]
[Result "0-1"]
[WhiteElo "2195"]
[BlackElo "2238"]
[PlyCount "74"]
[EventDate "2015.08.28"]
[EventType "team-tourn"]
[EventRounds "11"]
[EventCountry "SRB"]
[SourceTitle "EXT 2022"]
[Source "ChessBase"]
[SourceDate "2021.10.06"]
[SourceVersion "1"]
[SourceVersionDate "2021.10.06"]
[SourceQuality "1"]

1. e4 e6 2. d3 d5 3. Nc3 Nf6 4. Bd2 Nc6 5. g3 dxe4 6. dxe4 e5 7. Bg2 Bc5 8. h3 Be6 9. Qc1 0-0 10. Nf3 Bc4 11. Bg5 h6 12. Bh4 Qd6 13. g4 Nh7 14. Nd2 Ba6 15. Nd5 g5 16. Bg3 Rad8 17. c3 Ne7 18. b4 Bb6 19. c4 Nxd5 20. exd5 Qxb4 21. Rb1 Qc5 22. 0-0 Rfe8 23. Qc2 c6 24. dxc6 bxc6 25. Rfc1 Re6 26. Be4 Nf6 27. Bf5 Ree8 28. Nb3 Qa3 29. Re1 Bc7 30. Qc3 Qe7 31. f4 e4 32. fxg5 hxg5 33. Bxc7 Qxc7 34. Kg2 Rd3 35. Qxf6 Qg3+ 36. Kf1 Qf4+ 37. Kg2 Rg3+ 0-1

[Event "Nis Pantelej op 3rd"]
[Site "Nis"]
[Date "2015.08.07"]
[Round "6"]
[White "Raicevic, Ivica"]
[Black "Maksimovic, Branimir"]
[Result "0-1"]
[WhiteElo "2238"]
[BlackElo "2318"]
[PlyCount "94"]
[EventDate "2015.08.04"]
[EventType "swiss"]
[EventRounds "9"]
[EventCountry "SRB"]
[SourceTitle "EXT 2016"]
[Source "ChessBase"]
[SourceDate "2015.10.08"]
[SourceVersion "1"]
[SourceVersionDate "2015.10.08"]
[SourceQuality "1"]

1. c4 Nf6 2. Nc3 e5 3. Nf3 Nc6 4. g3 Bc5 5. Bg2 d6 6. a3 a6 7. d3 0-0 8. 0-0 h6 9. h3 Be6 10. e4 Qd7 11. Kh2 Nh7 12. Be3 Bxe3 13. fxe3 Ne7 14. Qe2 f5 15. exf5 Nxf5 16. Nd5 Rae8 17. e4 Nd4 18. Nxd4 exd4 19. Rxf8+ Rxf8 20. Rf1 c6 21. Rxf8+ Nxf8 22. Nf4 g5 23. Nxe6 Qxe6 24. Bf3 Ng6 25. Bg4 Qf6 26. Bf5 Ne5 27. Kg2 Kg7 28. Qd1 Qf7 29. h4 gxh4 30. gxh4 c5 31. Kh3 b6 32. Qe2 Kf8 33. Qd1 Ke7 34. Qe2 Qg8 35. Qd1 Kd8 36. Kh2 Kc7 37. Kh3 Qg7 38. Kh2 b5 39. b3 Kb6 40. Kh3 Ka7 41. cxb5 axb5 42. a4 bxa4 43. Qa1 Qb7 44. Qxa4+ Qa6 45. Qxa6+ Kxa6 46. Be6 Ka5 47. Kg3 Nxd3 0-1

[Event "Nis Pantelej op 3rd"]
[Site "Nis"]
[Date "2015.08.06"]
[Round "5"]
[White "Raicevic, Ivica"]
[Black "Jankovic, Uros"]
[Result "1-0"]
[WhiteElo "2238"]
[BlackElo "1792"]
[PlyCount "135"]
[EventDate "2015.08.04"]
[EventType "swiss"]
[EventRounds "9"]
[EventCountry "SRB"]
[SourceTitle "EXT 2016"]
[Source "ChessBase"]
[SourceDate "2015.10.08"]
[SourceVersion "1"]
[SourceVersionDate "2015.10.08"]
[SourceQuality "1"]

1. c4 e6 2. Nc3 d5 3. d4 Nf6 4. cxd5 Nxd5 5. Nf3 Nxc3 6. bxc3 c5 7. g3 Nc6 8. e3 cxd4 9. cxd4 Bb4+ 10. Bd2 Qa5 11. Bg2 Bd7 12. 0-0 Bxd2 13. Nxd2 0-0 14. Nb3 Qd8 15. Nc5 b6 16. Nxd7 Qxd7 17. Qa4 Rac8 18. Rac1 Ne5 19. Qxd7 Nxd7 20. Bb7 Rxc1 21. Rxc1 a5 22. a4 Rb8 23. Rc7 Nf6 24. Bc6 Kf8 25. Kf1 Ng8 26. Ke2 Ne7 27. Bb5 Nd5 28. Rc4 Ne7 29. e4 Rc8 30. Kd3 Rxc4 31. Kxc4 Nc8 32. e5 Ke7 33. d5 exd5+ 34. Kxd5 Na7 35. Bd3 h6 36. Bc4 Kd7 37. f4 Nc8 38. Bb5+ Kc7 39. f5 Ne7+ 40. Ke4 f6 41. g4 Kb7 42. h4 Kc7 43. Be8 Kd8 44. Bf7 Kd7 45. Kf4 fxe5+ 46. Kxe5 Nc6+ 47. Kd5 Ne7+ 48. Ke4 Kd6 49. g5 hxg5 50. h5 Nc8 51. f6 gxf6 52. Kf5 Ne7+ 53. Kxf6 g4 54. h6 g3 55. h7 g2 56. h8Q Nd5+ 57. Kf5 Ne3+ 58. Ke4 g1Q 59. Qh6+ Ke7 60. Qe6+ Kd8 61. Qxb6+ Ke7 62. Qe6+ Kd8 63. Qd6+ Kc8 64. Be6+ Kb7 65. Qd7+ Kb6 66. Qb5+ Kc7 67. Qc5+ Kd8 68. Qd6+ 1-0

[Event "Nis Pantelej op 3rd"]
[Site "Nis"]
[Date "2015.08.04"]
[Round "2"]
[White "Ostojic, Milos R"]
[Black "Raicevic, Ivica"]
[Result "0-1"]
[WhiteElo "2030"]
[BlackElo "2238"]
[PlyCount "96"]
[EventDate "2015.08.04"]
[EventType "swiss"]
[EventRounds "9"]
[EventCountry "SRB"]
[SourceTitle "EXT 2016"]
[Source "ChessBase"]
[SourceDate "2015.10.08"]
[SourceVersion "1"]
[SourceVersionDate "2015.10.08"]
[SourceQuality "1"]

1. e4 e6 2. d4 d5 3. Nc3 Bb4 4. e5 c5 5. a3 Bxc3+ 6. bxc3 Nc6 7. Qg4 g6 8. Nf3 Qa5 9. Bd2 Qa4 10. Bd3 c4 11. Be2 Qxc2 12. 0-0 h5 13. Qg5 Qf5 14. Qe3 h4 15. Ne1 Na5 16. g4 Qe4 17. Qxe4 dxe4 18. f3 e3 19. Bxe3 Ne7 20. Bd1 Bd7 21. Rb1 Bc6 22. Ng2 Nd5 23. Bd2 h3 24. Nf4 Kd7 25. Kf2 Rag8 26. Nxd5 Bxd5 27. Bg5 Rc8 28. Bf6 Rhg8 29. Kg3 Nb3 30. Rf2 b5 31. Kxh3 a5 32. Kg3 b4 33. Bxb3 cxb3 34. cxb4 a4 35. h4 Rc3 36. Bg5 Rgc8 37. Rbb2 Rd3 38. Rbd2 Rxd2 39. Rxd2 Rc3 40. h5 Rxf3+ 41. Kh4 gxh5 42. gxh5 Be4 43. b5 Bf5 44. Bf6 Bc2 45. Rxc2 bxc2 46. Bg5 Rf1 47. h6 Rh1+ 48. Kg4 Rg1+ 0-1

[Event "Nis op-A"]
[Site "Nis"]
[Date "2015.04.26"]
[Round "9"]
[White "Raicevic, Ivica"]
[Black "Velickovski Nejkovic, Maja"]
[Result "1-0"]
[WhiteElo "2260"]
[BlackElo "2061"]
[PlyCount "207"]
[EventDate "2015.04.20"]
[EventType "swiss"]
[EventRounds "9"]
[EventCountry "SRB"]
[SourceTitle "CBM 166 Extra"]
[Source "ChessBase"]
[SourceDate "2015.06.18"]
[SourceVersion "1"]
[SourceVersionDate "2015.06.18"]
[SourceQuality "1"]

1. c4 Nf6 2. Nc3 e5 3. Nf3 d6 4. g3 c6 5. d3 h6 6. Bg2 Be7 7. 0-0 0-0 8. Rb1 Be6 9. b4 Nbd7 10. b5 d5 11. Nd2 Rc8 12. bxc6 bxc6 13. Qa4 d4 14. Nce4 Nxe4 15. Nxe4 f5 16. Nd2 Qc7 17. Ba3 Nb6 18. Qa6 Bxa3 19. Qxa3 Rf6 20. Qa5 Nd7 21. Qxc7 Rxc7 22. Rb4 Nc5 23. Rfb1 Rf8 24. Nb3 Na6 25. Ra4 Bc8 26. Nd2 Nc5 27. Ra5 Nd7 28. Nb3 Re8 29. e3 dxe3 30. fxe3 e4 31. d4 Nb6 32. Bf1 Be6 33. Rc1 g5 34. Nc5 Bc8 35. Na6 Rf7 36. Nb4 Rc7 37. h4 Kg7 38. hxg5 hxg5 39. g4 Kg6 40. gxf5+ Bxf5 41. Rc2 c5 42. Na6 Rh7 43. Nxc5 Reh8 44. Bg2 Re7 45. a4 Rh3 46. Bxh3 Bxh3 47. Ra6 Bc8 48. Ra5 Bg4 49. Rb5 Bf3 50. a5 Rh7 51. Rh2 Rxh2 52. Kxh2 Nxc4 53. Rb3 Nxa5 54. Rc3 Kf6 55. Nd7+ Ke6 56. Ne5 Be2 57. Ra3 Nc4 58. Nxc4 Bxc4 59. Rxa7 Be2 60. Kg3 Kf5 61. Ra5+ Kf6 62. Ra2 Bc4 63. Rc2 Bd3 64. Rf2+ Kg6 65. d5 Bc4 66. Rd2 Bd3 67. d6 Kf6 68. Kg4 Ke6 69. Kxg5 Kxd6 70. Kf4 Ke6 71. Rh2 Bb1 72. Rh6+ Kd5 73. Rh5+ Kd6 74. Ra5 Ke6 75. Ra6+ Kd5 76. Kf5 Bd3 77. Ra4 Kd6 78. Rd4+ Ke7 79. Ke5 Kf7 80. Rd7+ Kg6 81. Ra7 Bc2 82. Rc7 Bd3 83. Ke6 Be2 84. Rc6 Bd3 85. Rc8 Kg7 86. Kf5 Bb1 87. Rc7+ Kf8 88. Rb7 Bd3 89. Kf6 Ke8 90. Re7+ Kd8 91. Ke6 Bc4+ 92. Kd6 Bd3 93. Re5 Bc2 94. Re7 Bd3 95. Rh7 Ke8 96. Ke6 Bc4+ 97. Kf6 Bd3 98. Ke5 Kd8 99. Kd4 Kc8 100. Re7 Kd8 101. Rxe4 Bxe4 102. Kxe4 Ke8 103. Ke5 Ke7 104. e4 1-0

[Event "Nis op-A"]
[Site "Nis"]
[Date "2015.04.24"]
[Round "7"]
[White "Raicevic, Ivica"]
[Black "Organdziev, Oliver"]
[Result "1/2-1/2"]
[WhiteElo "2260"]
[BlackElo "2336"]
[PlyCount "41"]
[EventDate "2015.04.20"]
[EventType "swiss"]
[EventRounds "9"]
[EventCountry "SRB"]
[SourceTitle "CBM 166 Extra"]
[Source "ChessBase"]
[SourceDate "2015.06.18"]
[SourceVersion "1"]
[SourceVersionDate "2015.06.18"]
[SourceQuality "1"]

1. c4 e5 2. Nc3 Nc6 3. Nf3 Nf6 4. g3 Bb4 5. Bg2 0-0 6. 0-0 Bxc3 7. bxc3 d6 8. d3 Re8 9. e4 a6 10. h3 b5 11. cxb5 axb5 12. Bg5 Be6 13. a4 bxa4 14. Rxa4 Rb8 15. Nd2 h6 16. Bxf6 Qxf6 17. Qa1 Qe7 18. Kh2 Bd7 19. Nc4 Rb7 20. Rb1 Rxb1 21. Qxb1 1/2-1/2

[Event "Nis op-A"]
[Site "Nis"]
[Date "2015.04.23"]
[Round "6"]
[White "Rancic, Djordje"]
[Black "Raicevic, Ivica"]
[Result "1-0"]
[WhiteElo "1802"]
[BlackElo "2260"]
[PlyCount "71"]
[EventDate "2015.04.20"]
[EventType "swiss"]
[EventRounds "9"]
[EventCountry "SRB"]
[SourceTitle "CBM 166 Extra"]
[Source "ChessBase"]
[SourceDate "2015.06.18"]
[SourceVersion "1"]
[SourceVersionDate "2015.06.18"]
[SourceQuality "1"]

1. d4 e6 2. c4 Nf6 3. Nf3 Bb4+ 4. Bd2 a5 5. a3 Be7 6. Nc3 d5 7. Bg5 Nbd7 8. e3 c6 9. c5 e5 10. dxe5 Ne4 11. Nxe4 dxe4 12. e6 exf3 13. Bxe7 Qxe7 14. exd7+ Bxd7 15. Qd4 fxg2 16. Bxg2 0-0 17. Rg1 g6 18. 0-0-0 Be6 19. Qc3 Qh4 20. f4 a4 21. Be4 Bb3 22. Rd6 Be6 23. Rxe6 fxe6 24. Bxg6 Qf6 25. Qc2 Kh8 26. Bxh7 e5 27. Rg5 Rf7 28. Rh5 Kg7 29. Qg2+ Kf8 30. Qg8+ Ke7 31. Qxa8 exf4 32. Qxb7+ Kd8 33. Qb8+ Kd7 34. Bf5+ Ke7 35. Qc7+ Kf8 36. Qc8+ 1-0

[Event "Nis op-A"]
[Site "Nis"]
[Date "2015.04.21"]
[Round "2"]
[White "Raicevic, Ivica"]
[Black "Biljanic, Ljubomir"]
[Result "0-1"]
[WhiteElo "2260"]
[BlackElo "2245"]
[PlyCount "132"]
[EventDate "2015.04.20"]
[EventType "swiss"]
[EventRounds "9"]
[EventCountry "SRB"]
[SourceTitle "CBM 166 Extra"]
[Source "ChessBase"]
[SourceDate "2015.06.18"]
[SourceVersion "1"]
[SourceVersionDate "2015.06.18"]
[SourceQuality "1"]

1. c4 Nf6 2. Nc3 e6 3. Nf3 d5 4. d4 Be7 5. cxd5 exd5 6. Bf4 c6 7. e3 Nh5 8. Bg3 Nxg3 9. hxg3 0-0 10. Bd3 g6 11. Qc2 Kg7 12. 0-0-0 Be6 13. Rh2 Nd7 14. Rdh1 Rh8 15. Kb1 Rc8 16. Nh4 c5 17. Nxg6 fxg6 18. Bxg6 hxg6 19. Rxh8 Qxh8 20. Rxh8 Rxh8 21. Qe2 Rh1+ 22. Kc2 Bf5+ 23. Kd2 Nb6 24. Nxd5 Nxd5 25. e4 Bg5+ 26. f4 Nxf4 27. gxf4 Bxf4+ 28. Kc2 Rc1+ 29. Kb3 c4+ 30. Kb4 Bd6+ 31. Ka5 Bc7+ 32. Kb4 Bd7 33. Qd2 Bd6+ 34. Ka5 Ra1 35. a3 Bc7+ 36. Kb4 b5 37. Kc5 Rh1 38. e5 Rh8 39. Qg5 Bd8 40. Qg3 Be7+ 41. Kd5 Rc8 42. Ke4 Bf5+ 43. Kf4 Be6 44. Qc3 Rd8 45. Kg3 a6 46. Kf2 Bh4+ 47. Ke2 Bg4+ 48. Ke3 Bg5+ 49. Kf2 Bh4+ 50. Ke3 Bg5+ 51. Kf2 Rf8+ 52. Ke1 Bh4+ 53. Kd2 Rf2+ 54. Ke3 Rxg2 55. Qa5 Re2+ 56. Kf4 Bf5 57. Qc7+ Kh6 58. Qb8 Bg5+ 59. Kf3 Re3+ 60. Kf2 Kh5 61. d5 Kg4 62. e6 Bf4 63. Qf8 Bd3 64. e7 Re2+ 65. Kg1 Re1+ 66. Kg2 Be4+ 0-1

[Event "Nis Pantelej op 2nd"]
[Site "Nis"]
[Date "2014.08.06"]
[Round "5"]
[White "Zivkovic, Branimir"]
[Black "Raicevic, Ivica"]
[Result "0-1"]
[WhiteElo "2196"]
[BlackElo "2272"]
[PlyCount "76"]
[EventDate "2014.08.03"]
[EventType "swiss"]
[EventRounds "9"]
[EventCountry "SRB"]
[SourceTitle "CBM 162 Extra"]
[Source "ChessBase"]
[SourceDate "2014.10.17"]
[SourceVersion "1"]
[SourceVersionDate "2014.10.17"]
[SourceQuality "1"]

1. e4 e6 2. d4 d5 3. e5 c5 4. c3 Nc6 5. Nf3 Nge7 6. Bd3 cxd4 7. cxd4 Nf5 8. Bxf5 exf5 9. 0-0 Be6 10. Nc3 Be7 11. b3 0-0 12. Bb2 Rc8 13. Rc1 Qa5 14. a3 b5 15. b4 Qb6 16. Qd3 a6 17. Rfd1 Rc7 18. Nd2 Rb8 19. Nb3 a5 20. bxa5 Nxa5 21. Nxa5 Qxa5 22. Nb1 Rbc8 23. Rxc7 Rxc7 24. g3 g6 25. Kg2 f4 26. gxf4 Bf5 27. Qd2 Qxd2 28. Nxd2 Rc2 29. Bc1 Rc3 30. Kf1 Bxa3 31. Bxa3 Rxa3 32. Nb1 Rd3 33. Nd2 Bg4 34. f3 Bxf3 35. Nxf3 Rxd1+ 36. Ke2 Ra1 37. Nd2 b4 38. Kd3 Ra2 0-1

[Event "SRB-chT2 East"]
[Site "Zajecar"]
[Date "2013.10.11"]
[Round "3"]
[White "Milovanovic, Srboljub"]
[Black "Raicevic, Ivica"]
[Result "0-1"]
[WhiteElo "2222"]
[BlackElo "2264"]
[PlyCount "66"]
[EventDate "2013.10.10"]
[EventType "team-swiss"]
[EventRounds "8"]
[EventCountry "SRB"]
[SourceTitle "EXT 2014"]
[Source "ChessBase"]
[SourceDate "2013.11.20"]
[SourceVersion "1"]
[SourceVersionDate "2013.11.20"]
[SourceQuality "1"]

1. d4 e6 2. Nf3 Nf6 3. g3 c5 4. c3 b6 5. Bg2 Bb7 6. 0-0 Be7 7. Re1 0-0 8. Nbd2 d6 9. e4 cxd4 10. Nxd4 Qc8 11. a4 a6 12. Qe2 Nbd7 13. c4 Qc7 14. b4 Rfe8 15. Ba3 Bf8 16. Rec1 Rac8 17. N4b3 Qb8 18. a5 Ba8 19. axb6 Qxb6 20. h3 Rc7 21. Rab1 Rec8 22. Kf1 Ne5 23. Na5 Nc6 24. Nxc6 Qxc6 25. Qd3 Qa4 26. Bb2 Nd7 27. Bc3 Ne5 28. Bxe5 dxe5 29. Qc2 Qd7 30. c5 a5 31. bxa5 Rxc5 32. Qb2 Qd3+ 33. Kg1 Rc2 0-1

[Event "Nis op"]
[Site "Nis"]
[Date "2012.03.18"]
[Round "9"]
[White "Raicevic, Ivica"]
[Black "Majstorovic, Dusan"]
[Result "1-0"]
[WhiteElo "2279"]
[BlackElo "2072"]
[PlyCount "107"]
[EventDate "2012.03.11"]
[EventType "swiss"]
[EventRounds "9"]
[EventCountry "SRB"]
[SourceTitle "CBM 147 Extra"]
[Source "ChessBase"]
[SourceDate "2012.04.24"]
[SourceVersion "1"]
[SourceVersionDate "2012.04.24"]
[SourceQuality "1"]

1. c4 Nf6 2. Nc3 d6 3. Nf3 e5 4. g3 Be7 5. Bg2 0-0 6. d3 c6 7. 0-0 Nbd7 8. e4 Re8 9. d4 Bf8 10. d5 a5 11. h3 Nb6 12. b3 Bd7 13. Be3 c5 14. Ne1 a4 15. Nd3 axb3 16. axb3 Rxa1 17. Qxa1 Qc7 18. Qc1 Ra8 19. f4 Nh5 20. Kh2 exf4 21. gxf4 f6 22. Bf3 Be8 23. Qd1 g6 24. Bxh5 gxh5 25. Rg1+ Kh8 26. f5 Nd7 27. Nf4 Bf7 28. Ne6 Qa5 29. Bd2 Ne5 30. Qe2 Be7 31. Qe3 Rg8 32. Rxg8+ Bxg8 33. Kg3 Qa1 34. Ne2 Qd1 35. Kg2 Qc2 36. N2f4 h4 37. Kf2 Qd1 38. Ng2 Qh1 39. Bc3 Ng4+ 40. hxg4 h3 41. Qg3 hxg2 42. Qxg2 Qd1 43. Qf3 Qxf3+ 44. Kxf3 h6 45. Ba5 Bxe6 46. dxe6 Kg7 47. b4 b6 48. bxc5 bxc5 49. Kg3 Kh7 50. Kh4 Kg7 51. Kh5 Kh7 52. Bc7 Kg7 53. Bb6 Kh7 54. Ba5 1-0

[Event "Nis op"]
[Site "Nis"]
[Date "2012.03.13"]
[Round "3"]
[White "Raicevic, Ivica"]
[Black "Lepojevic, Nebojsa"]
[Result "0-1"]
[WhiteElo "2279"]
[BlackElo "2055"]
[PlyCount "134"]
[EventDate "2012.03.11"]
[EventType "swiss"]
[EventRounds "9"]
[EventCountry "SRB"]
[SourceTitle "CBM 147 Extra"]
[Source "ChessBase"]
[SourceDate "2012.04.24"]
[SourceVersion "1"]
[SourceVersionDate "2012.04.24"]
[SourceQuality "1"]

1. c4 e6 2. Nc3 c5 3. Nf3 b6 4. g3 Bb7 5. Bg2 a6 6. 0-0 Nf6 7. d4 cxd4 8. Qxd4 Qc7 9. b3 Be7 10. Bb2 0-0 11. Rac1 d6 12. e4 Nbd7 13. h3 Rac8 14. Qe3 Rfe8 15. Nd4 Qb8 16. f4 Bf8 17. Kh2 d5 18. e5 Ne4 19. Nxe4 dxe4 20. Bxe4 Bxe4 21. Qxe4 Nc5 22. Qf3 g6 23. Rfd1 b5 24. Kg2 b4 25. Rd2 Qb6 26. Rcd1 Re7 27. Nc2 a5 28. Bd4 Ree8 29. Bxc5 Bxc5 30. Rd7 Re7 31. Rxe7 Bxe7 32. Nd4 a4 33. h4 h5 34. Nb5 axb3 35. axb3 Rd8 36. Rd3 Rxd3 37. Qxd3 Qc6+ 38. Kh2 Qa8 39. Nd6 Qa2+ 40. Kg1 Qa1+ 41. Kf2 Qh1 42. Ne4 Kg7 43. Qe2 Qh2+ 44. Ke3 Qg1+ 45. Kd2 Bc5 46. Nxc5 Qxc5 47. Qe3 Qa5 48. Qd3 Qc5 49. Qe3 Qa5 50. Qd3 Qa7 51. Ke2 Qg1 52. Qe3 Qg2+ 53. Kd3 Qb2 54. Ke4 Qg2+ 55. Qf3 Qc2+ 56. Kd4 Qb2+ 57. Ke4 Qc2+ 58. Qd3 Qg2+ 59. Kd4 Qb2+ 60. Ke3 Qc1+ 61. Qd2 Qg1+ 62. Kf3 Qh1+ 63. Ke2 Qg2+ 64. Kd1 Qxg3 65. Kc2 Qxh4 66. c5 Qh1 67. Qxb4 h4 0-1